|
|
|
|
| LEADER |
00679nta a2200169 i 4500 |
| 001 |
dipl30407 |
| 005 |
20130314090937.0 |
| 008 |
110829s2007 hu om 0|| zxx d |
| 040 |
|
|
|a SZTE Diploma Repozitórium
|b hun
|
| 041 |
|
|
|a zxx
|
| 100 |
1 |
|
|a Boros Tamás
|
| 245 |
1 |
2 |
|a A regionalizmus jelene és jövője Magyarországon és Európában
|h [elektronikus dokumentum] /
|c Tamás Boros
|
| 246 |
1 |
0 |
|a Hungarian and European regions nowdays and in the future
|h [elektronikus dokumentum]
|
| 260 |
|
|
|c 2007-03-08
|
| 650 |
|
4 |
|a Jogi és igazgatási tanulmányok
|
| 700 |
1 |
|
|a Kaltenbach Jenő
|e ths
|
| 856 |
4 |
0 |
|u http://diploma.bibl.u-szeged.hu/id/eprint/30407/1/2007_boros_tamas.pdf
|z Dokumentum-elérés
|